Non-conventional energy resources (Record no. 23029)

MARC details
000 -LEADER
fixed length control field 00564nam a2200193Ia 4500
008 - FIXED-LENGTH DATA ELEMENTS--GENERAL INFORMATION
fixed length control field 191130s2006##################000#0#eng##
020 ## - INTERNATIONAL STANDARD BOOK NUMBER
International Standard Book Number 9788122417685
040 ## - CATALOGING SOURCE
Original cataloging agency ACL
Transcribing agency ACL
082 ## - DEWEY DECIMAL CLASSIFICATION NUMBER
Classification number 333.794 CHA
100 ## - MAIN ENTRY--PERSONAL NAME
Personal name Chauhan, D. S
245 ## - TITLE STATEMENT
Title Non-conventional energy resources
Statement of responsibility, etc. D.S. Chauhan, S.K. Srivastava
260 ## - PUBLICATION, DISTRIBUTION, ETC.
Place of publication, distribution, etc. New Delhi
Name of publisher, distributor, etc. New Age International
Date of publication, distribution, etc. 2006
300 ## - PHYSICAL DESCRIPTION
Extent 227 p. : ill. ; 24 cm
650 ## - SUBJECT ADDED ENTRY--TOPICAL TERM
Topical term or geographic name entry element Renewable energy sources
700 ## - ADDED ENTRY--PERSONAL NAME
Personal name Srivastava, S. K
990 ## - EQUIVALENCES OR CROSS-REFERENCES [LOCAL, CANADA]
Link information for 9XX fields 5b757b0fac10000c22e2e5ab9103d07c
991 ## -
-- 429423
Holdings
Withdrawn status Lost status Materials specified (bound volume or other part) Damaged status Not for loan Home library Current library Shelving location Date acquired Total Checkouts Full call number Barcode Date last seen Price effective from Koha item type
    pbk     Anna Centenary Library Anna Centenary Library 4TH FLOOR, A WING 09.10.2020   333.794 CHA 541052 09.10.2020 09.10.2020 English Books

Find us on the map